Bildung, absoluter Durchgangspunkt : H.-J. Heydorns Begruendung einer kritischen Bildungstheorie

Saved in:
Bibliographic Details
Main Author: Boenicke, Rosemarie
Format: Book
Language:German
Published: Weinheim : Deutscher Studien Verlag, 2000
Subjects:
Tags: Add Tag
No Tags, Be the first to tag this record!

MARC

LEADER 00000nam a2200000 i 4500
001 1/37239
008 030623s2000 ger d
020 |a 3-89271-915-2 
035 |l 10070220 
040 |a GR-MY-UA  |b gre  |e aacr 
041 0 |a ger 
082 0 |a 370.1 
100 1 |a Boenicke, Rosemarie. 
245 1 0 |a Bildung, absoluter Durchgangspunkt :  |b H.-J. Heydorns Begruendung einer kritischen Bildungstheorie /  |c Rosemarie Boenicke 
260 |a Weinheim :   |b Deutscher Studien Verlag,   |c 2000 
300 |a 225 p. 
650 0 0 |a Education  |x Philosophy. 
852 |a INST  |b RHODES  |e 20030623  |h 370.1 BOE  |p 005400020217  |q 005400020217  |t BK  |y 0 
901 |a BIBL4-2003-2 
909 |a Ρ  |b 104364 
922 |a 4ΕΛΗ  |b 200301  |c ΕΠΕΑΕΚ2/ΤΕΠΑΕΣ  |d ΠΑΠΑΣΩΤΗΡΙΟΥ 
950 |a 096-2002-10-08 
970 |a ΚΟΥΛΑΚΙΟΤΗ  |b ΛΙΤΣΑ  |z 2003/06/25